Von den "Zeitdetektiven" besuchte Länder - Statistiken

Allgemein
  • Dieses Quiz wurde 25 mal gespielt
  • Das Durchschnittsergebnis liegt bei 14 aus 15
Antworten auf der Karte
Die Antworten werden auf der Karte rot bzw. grün angezeigt, abhängig davon wie oft sie richtig erraten wurden.
 
Antwortstatistiken
Buch Land % Korrekt
Das Feuer des Druiden, Der Spion am Hof des Sonnenkönigs Frankreich
100%
Der rote Rächer, Die Brandstifter von Rom, Das Silber der Kreuzritter, Michelangelo und die Farbe des Todes, Geheime Zeichen in Pompeji, Caesar und die große Verschwörung, Leonardo da Vinci und die Verräter Italien
100%
Goldrausch im Wilden Westen Vereinigte Staaten
100%
Marco Polo und der Geheimbund China
95%
Das Teufelskraut, Freiheit für Richard Löwenherz, Die Falle im Teutoburger Wald, Gefahr am Ulmer Münster, Der Betrüger von Lübeck, Entführung in Nürnberg, Barbarossa und der Raub von Köln, Der letzte Ritter von Füssen Deutschland
95%
Der Schwur des Samurai Japan
95%
Montezuma und der Zorn der Götter Mexiko
95%
Das Wunder von Bern Schweiz
95%
Verschwörung in der Totenstadt, Geheimnis um Tutanchamun, Kleopatra und der Biss der Kobra, Das Auge der Nofretete, Der Fluch des Pharao, Ramses und die Falle am Nil Ägypten
90%
Das Rätsel des Orakels, Falsches Spiel in Olympia, Alexander der Große unter Verdacht, Die goldene Göttin von Athen Griechenland
90%
Mozart und der Notendieb Österreich
90%
Der falsche König, Shakespeare und die schwarze Maske Vereinigtes Königreich
90%
Kolumbus und die Meuterer Spanien
81%
Der Schatz der Wikinger Dänemark
76%
Das Grab des Dschingis Khan Mongolei
71%
Keine übereinstimmenden Quizze gefunden
Verteilung der Resultate
Anzahl Personen mit jedem Resultat
Perzentil nach korrekt beantworteten Fragen
Ihre Resultats-Entwicklung
Sie haben dieses Quiz noch nicht gespielt